00859nam a2200265 450000100040000000500170000400800040002101000080002502000150003304000150004804200080006305000260007110000260009724500570012325000120018026000650019230000320025750400630028965000320035270000150038490600450039994200120044499900130045695201240046900020140218092004.0000 a000 a0130461091 aUOEMLcDLC apcc00aQA76.9.H85bH856 2004 aDix, Alan ...[et al.]00aHuman-computer interaction /cAlan Dix ... [et al.]. a3rd ed. aHarlow, England ;aNew York :bPearson/Prentice-Hall,c2004. axxv, 834 p. :bill.c24 cm. aIncludes bibliographical references ([791]-815) and index. 0aHuman-computer interaction.1 aDix, Alan. a7bcbccorignewd1eocipf20gy-gencatlg 2lcccLL c251d251 00102lcc4070aUOEbUOEd2014-02-18l0oQA76.9.H85 H856 2004p20135927r2014-02-18 00:00:00t20135927w2014-02-18yLL